| 000 | 01779nam1a2200349 i 4500 | ||
|---|---|---|---|
| 001 | RU\NLR\bibl\1414840 | ||
| 005 | 20241103081519.0 | ||
| 035 | _a(NLR Aleph) 001406809 | ||
| 090 |
_a1257197 _c1257197 |
||
| 100 | _a20090921d2009 u y0rusy50 ca | ||
| 101 | 0 | _arus | |
| 102 | _aRU | ||
| 105 | _a||||z ||||| | ||
| 200 | 1 |
_aИскусство и личность _dArt and a person _eстатьи и выступления _e[в 2 кн.] _fМ. Берлянчик _gЦентр. муз. шк. при Моск. гос. консерватории им. П. И. Чайковского и др. _zeng |
|
| 210 |
_aМосква _cЦентральная музыкальная школа при Московской государственной консерватории _d2009 |
||
| 215 | _d23 | ||
| 300 | _aАвт. также на англ. яз.: M. Berlyanchik | ||
| 300 | _aНа 4-й с. обл. авт.: Берлянчик М. М. - д. искусствоведения, проф., акад. Междунар. акад. информатизации | ||
| 300 | _aВ надзаг. также: Магнитогор. гос. консерватория (акад.) им. М.И. Глинки, Тольят. ин-т искусств, Аркт. гос. ин-т искусств и культуры [и др.] | ||
| 463 | 0 | _10011389172 | |
| 463 | 0 | _10011387273 | |
| 510 | 1 |
_6z45790 _aArt and a person _zeng |
|
| 606 |
_aМузыка _9888123 _3RU\NLR\auth\66429 |
||
| 686 | _aЩ31 | ||
| 700 | 1 |
_aБерлянчик _bМ. М. _gМарк Моисеевич _4070 |
|
| 790 | 1 |
_6z45510 _aBerljančik _bM. M. _gMark Moiseevič _4070 |
|
| 801 | 0 |
_aRU _bNLR _c20090921 _gRCR |
|
| 801 | 1 |
_aRU _bNLR _c20090921 |
|
| 852 |
_aNLR _j2009-5/5816 |
||
| 942 | _cBOOK | ||